Exposition on Philippians, Colossians and Philimon. (Record no. 5876)

000 -LEADER
fixed length control field 00858nam a2200229 a 4500
001 - CONTROL NUMBER
control field :::00003618$&:&@@
003 - CONTROL NUMBER IDENTIFIER
control field OkBaRHE
005 - DATE AND TIME OF LATEST TRANSACTION
control field 20000607103308.0
008 - FIXED-LENGTH DATA ELEMENTS--GENERAL INFORMATION
fixed length control field s1987 j 000 0 eng u
040 ## - CATALOGING SOURCE
Transcribing agency
100 1# - MAIN ENTRY--PERSONAL NAME
Personal name Hendriksen, William, 1900-
245 10 - TITLE STATEMENT
Title Exposition on Philippians, Colossians and Philimon.
260 ## - PUBLICATION, DISTRIBUTION, ETC. (IMPRINT)
Place of publication, distribution, etc Grand Rapids, MI., :
Name of publisher, distributor, etc Baker Book House
Date of publication, distribution, etc 1987
300 ## - PHYSICAL DESCRIPTION
Extent 243 p. ;
Dimensions
490 0# - SERIES STATEMENT
Series statement New Testament Commentary.
650 ## - SUBJECT ADDED ENTRY--TOPICAL TERM
Topical term or geographic name as entry element Bible New Testament Colossians
General subdivision Commentaries
650 ## - SUBJECT ADDED ENTRY--TOPICAL TERM
Topical term or geographic name as entry element Bible New Testament Philemon
General subdivision Commentaries
650 ## - SUBJECT ADDED ENTRY--TOPICAL TERM
Topical term or geographic name as entry element Bible New Testament Philippians
General subdivision Commentaries
942 ## - ADDED ENTRY ELEMENTS (KOHA)
Source of classification or shelving scheme
Koha item type Books
Copies
Shelving location Not for loan Full call number Date checked out Price effective from Total Checkouts Current Location Withdrawn status Permanent Location Date acquired Lost status Source of classification or shelving scheme Damaged status Barcode Koha item type Copy number Date last seen
General Stacks BS 2705 .H383 2010-04-14   RHEMA Bible Training College2010-04-14   3618Books12018-04-03
General Stacks BS 2705 .H3832017-09-202010-04-141RHEMA Bible Training College RHEMA Bible Training College2010-04-14   20540Books22018-04-03